000 00283nam a22001337a 4500
003 SGT
082 _a614
_bA19G
100 _aGIRDHAR, SHUBHAM
245 _aA STUDY OF MORBIDITY PATTERN
260 _aSGTU
_c2019
300 _a92
650 _aCOMMUINITY MEDICINE
942 _2ddc
_cTH
999 _c20549
_d20549